Statistics for Federal Republics

Click here to take the quiz!

General Stats

  • This quiz has been taken 60 times
  • The average score is 4 of 8

Answer Stats

Federal Republic% Correct
Germany
82%
Russia
73%
Brazil
65%
Micronesia
41%
Nigeria
39%
Ethiopia
33%
Somalia
27%
Nepal
20%

Score Distribution

Percentile by Number Answered

Percent of People with Each Score

Your Score History

You have not taken this quiz